[Event "Ceske sachove vanoce 2009"]
[Site "Litomysl (CZE)"]
[Date "2009.12.29"]
[Round "5.20"]
[White "Weglarz, Leszek"]
[Black "Sochor, Stanislav"]
[Result "0-1"]
[WhiteElo "2233"]
[BlackElo "2118"]
[PlyCount "102"]
[EventDate "2009.12.26"]

1. e4 e6 2. d4 d5 3. exd5 exd5 4. c4 Nf6 5. Nc3 Be7 6. cxd5 Nxd5 7. Bc4 Nb6 8.
Bb3 O-O 9. Nf3 Bg4 10. O-O Nc6 11. Be3 Bf6 12. h3 Bh5 13. g4 Bg6 14. g5 Be7 15.
Ne5 Na5 16. Nxg6 hxg6 17. h4 Nxb3 18. axb3 c6 19. Kg2 Nd5 20. Rh1 f5 21. Nxd5
Qxd5+ 22. f3 f4 23. Bf2 a6 24. Re1 Bd6 25. Qc2 Kf7 26. Re4 Rad8 27. Rae1 Qf5
28. Qc4+ Qd5 29. Re6 Rfe8 30. Qxd5 cxd5 31. Rxe8 Rxe8 32. Rxe8 Kxe8 33. Kh3 Bb4
34. Kg4 Bd2 35. h5 gxh5+ 36. Kf5 Be3 37. Bh4 Bxd4 38. Ke6 Bxb2 39. Kxd5 Kf7 40.
Kc5 Kg6 41. Kb6 Ba3 42. Kxb7 Be7 43. Kxa6 Bxg5 44. Bf2 Be7 45. Ka5 Kf5 46. b4
g5 47. b5 g4 48. fxg4+ hxg4 49. b6 g3 50. b7 Bd6 51. Bc5 Bb8 0-1

[Event "Ceske sachove vanoce 2009"]
[Site "Litomysl (CZE)"]
[Date "2009.12.30"]
[Round "6"]
[White "Petr, Martin"]
[Black "Tazbir, Marcin"]
[Result "1/2-1/2"]
[WhiteElo "2495"]
[BlackElo "2497"]
[PlyCount "118"]
[EventDate "2009.12.26"]

1. e4 e5 2. f4 d5 3. exd5 exf4 4. Nf3 Bd6 5. d4 Ne7 6. c4 c5 7. Nc3 O-O 8. dxc5
Bxc5 9. Ne4 Re8 10. Nxc5 Qa5+ 11. Kf2 Qxc5+ 12. Qd4 Qxd4+ 13. Nxd4 Ng6 14. Bd2
Rd8 15. Bd3 Ne5 16. Be2 Bg4 17. Nf3 Ng6 18. Bd3 Nd7 19. Bxg6 hxg6 20. Bxf4 Rac8
21. Rac1 Nc5 22. Ne5 Bf5 23. Be3 f6 24. Bxc5 Rxc5 25. Nf3 b5 26. b3 bxc4 27.
bxc4 Rdc8 28. Nd2 Ra5 29. Ra1 Ra3 30. Rhc1 Rd3 31. Nf3 g5 32. h3 Kf8 33. Rab1
Rxf3+ 34. Kxf3 Bxb1 35. Rxb1 Rxc4 36. Rb7 Ra4 37. d6 Ke8 38. Re7+ Kd8 39. Rxg7
Rxa2 40. Rf7 Ra3+ 41. Kg4 Ra5 42. Rxf6 Kd7 43. Kh5 a6 44. g4 Ra3 45. Kxg5 Rxh3
46. Kg6 a5 47. Rf5 a4 48. Ra5 a3 49. Ra6 Rd3 50. Kh5 Rh3+ 51. Kg6 Rd3 52. Ra5
Kxd6 53. g5 Kc6 54. Kf7 Kb6 55. Rxa3 Rxa3 56. g6 Rf3+ 57. Ke7 Rg3 58. Kf7 Kc6
59. g7 Kd7 1/2-1/2

[Event "Ceske sachove vanoce 2009"]
[Site "Litomysl (CZE)"]
[Date "2009.12.30"]
[Round "6"]
[White "Hoffmann, Paul"]
[Black "Heberla, Bartolomiej"]
[Result "0-1"]
[WhiteElo "2355"]
[BlackElo "2515"]
[PlyCount "102"]
[EventDate "2009.12.26"]

1. e4 c5 2. Nf3 d6 3. d4 cxd4 4. Nxd4 Nf6 5. Nc3 Bd7 6. Bg5 Nc6 7. Qd2 Nxd4 8.
Qxd4 h6 9. Bxf6 gxf6 10. O-O-O Qa5 11. Kb1 Rc8 12. f4 Qc5 13. f5 h5 14. h4 Bh6
15. Qxc5 Rxc5 16. Nd5 Rg8 17. Bd3 Rc8 18. Rhg1 Bc6 19. g3 Rg4 20. Nc3 Be3 21.
Rg2 Bf4 22. Be2 Rxg3 23. Rxg3 Bxg3 24. Bxh5 Bxh4 25. Rh1 Bf2 26. Be2 Bd4 27.
Nd5 Kd7 28. c3 Be5 29. Rh7 Bxd5 30. exd5 Rc5 31. c4 Rc8 32. b3 Rg8 33. Kc2 Rg2
34. Kd3 Rg3+ 35. Kc2 a5 36. Rh1 Kc7 37. Rf1 Kb6 38. Rf3 Rg2 39. Kd2 Kc5 40. Rd3
Kb4 41. Ke3 Rg3+ 42. Kf2 Rxd3 43. Bxd3 Ka3 44. Bc2 Kxa2 45. Ke2 Kb2 46. Kd2
Bf4+ 47. Kd3 Kc1 48. b4 axb4 49. Ba4 Kb2 50. c5 dxc5 51. Kc4 b3 0-1

[Event "Ceske sachove vanoce 2009"]
[Site "Litomysl (CZE)"]
[Date "2009.12.30"]
[Round "6"]
[White "Seifert, Volker"]
[Black "Plat, Vojtech"]
[Result "1/2-1/2"]
[WhiteElo "2355"]
[BlackElo "2388"]
[PlyCount "186"]
[EventDate "2009.12.26"]

1. d4 Nf6 2. c4 g6 3. Nc3 c5 4. d5 d6 5. e4 Bg7 6. Bd3 O-O 7. h3 Na6 8. Nf3 Nc7
9. O-O a6 10. a4 Rb8 11. Re1 Nd7 12. Bf4 f6 13. Rb1 Ne5 14. Nxe5 fxe5 15. Be3
Ne8 16. b4 cxb4 17. Rxb4 Nf6 18. Bb6 Qe8 19. a5 Nh5 20. c5 Bd7 21. Qd2 Rc8 22.
c6 bxc6 23. dxc6 Rxc6 24. Bxa6 Nf4 25. Bf1 Qc8 26. Nd5 Nxd5 27. Qxd5+ Be6 28.
Qd3 Rc3 29. Qa6 Qe8 30. Bc4 Bxc4 31. Rxc4 Rb3 32. Rc7 Qf7 33. Qc4 Qxc4 34. Rxc4
Ra3 35. Rcc1 Bh6 36. Ra1 Rc3 37. a6 Ra8 38. a7 Rc6 39. Reb1 Kf7 40. Kf1 Ke6 41.
f3 Kd7 42. Bg1 Kc7 43. Ra3 Bg5 44. Rab3 Ra6 45. Rc3+ Kd7 46. Rb7+ Ke6 47. Ke2
Ra2+ 48. Kd3 Rd2+ 49. Kc4 Ra2 50. Bb6 Bd2 51. Kb3 Bxc3 52. Kxa2 Bd4 53. Rb8
Rxa7+ 54. Bxa7 Bxa7 55. Rb7 Be3 56. Kb3 h5 57. g4 h4 58. Kc4 Bg5 59. Kb5 Bf6
60. Kc6 Kf7 61. Kd7 Kg7 62. Ke6 Kh6 63. Rxe7 Bxe7 64. Kxe7 Kg5 65. Kxd6 Kf4 66.
g5 Kg3 67. Kxe5 Kxh3 68. Kf6 Kg3 69. e5 h3 70. e6 h2 71. e7 h1=Q 72. e8=Q Qxf3+
73. Kxg6 Qd3+ 74. Kf6 Kg4 75. g6 Qf5+ 76. Kg7 Kg5 77. Qe7+ Kh5 78. Qf7 Qe5+ 79.
Qf6 Qd5 80. Kh7 Qe4 81. Qd6 Qf5 82. Qh2+ Kg5 83. Qh6+ Kg4 84. Kg8 Qe6+ 85. Kh8
Qc8+ 86. Kh7 Qf5 87. Qg7 Qh5+ 88. Kg8 Kg5 89. Qe7+ Kxg6 90. Qe8+ Kg5 91. Qe5+
Kg6 92. Qe8+ Kg5 93. Qxh5+ Kxh5 1/2-1/2

[Event "Ceske sachove vanoce 2009"]
[Site "Litomysl (CZE)"]
[Date "2009.12.30"]
[Round "6"]
[White "Sabol, Marian"]
[Black "Kanovsky, David"]
[Result "1/2-1/2"]
[WhiteElo "2343"]
[BlackElo "2471"]
[PlyCount "66"]
[EventDate "2009.12.26"]

1. b3 e5 2. Bb2 Nc6 3. e3 Nf6 4. Ne2 d5 5. d3 Bd6 6. g3 Be6 7. Bg2 Qd7 8. h3
O-O 9. Nd2 Rfe8 10. a3 Rad8 11. c4 Bf8 12. Qc2 dxc4 13. dxc4 Bf5 14. e4 Nd4 15.
Bxd4 exd4 16. Qd3 Qc6 17. f3 Nd7 18. O-O Nc5 19. Qb1 Qh6 20. Nf4 Bc8 21. b4 Ne6
22. Nxe6 Bxe6 23. f4 Bxh3 24. Qd3 c5 25. b5 f5 26. e5 Bxg2 27. Kxg2 Qe6 28. Nf3
Be7 29. Rh1 g6 30. Rh6 Rf8 31. a4 a6 32. Rah1 Rf7 33. Rb1 a5 1/2-1/2

[Event "Ceske sachove vanoce 2009"]
[Site "Litomysl (CZE)"]
[Date "2009.12.30"]
[Round "6"]
[White "Heinzel, Olaf"]
[Black "Manik, Mikulas"]
[Result "0-1"]
[WhiteElo "2332"]
[BlackElo "2435"]
[PlyCount "66"]
[EventDate "2009.12.26"]

1. c4 e5 2. Nc3 Nf6 3. g3 Bb4 4. Bg2 O-O 5. Nf3 Re8 6. O-O Bxc3 7. dxc3 d6 8.
h3 Nc6 9. Be3 Be6 10. c5 Nd5 11. Bg5 f6 12. e4 Nxc3 13. bxc3 fxg5 14. cxd6 cxd6
15. Qd2 h6 16. Rfd1 Qa5 17. h4 gxh4 18. Nxh4 Rad8 19. Nf5 Qc7 20. g4 Rf8 21.
Qe3 b6 22. g5 Bxf5 23. exf5 Ne7 24. f6 gxf6 25. Qh3 hxg5 26. Qh6 Rf7 27. Rd3 g4
28. Rad1 Rd7 29. Be4 Qd8 30. Rg3 f5 31. Bxf5 Nxf5 32. Rxg4+ Rg7 33. Qe6+ Rdf7
0-1

[Event "Ceske sachove vanoce 2009"]
[Site "Litomysl (CZE)"]
[Date "2009.12.30"]
[Round "6"]
[White "Biolek, Richard"]
[Black "Skliba, Martin"]
[Result "1/2-1/2"]
[WhiteElo "2385"]
[BlackElo "2281"]
[PlyCount "91"]
[EventDate "2009.12.26"]

1. e4 c5 2. Nf3 Nc6 3. d4 cxd4 4. Nxd4 Nf6 5. Nc3 d6 6. Bg5 e6 7. Qd2 a6 8.
O-O-O Bd7 9. f4 b5 10. Bxf6 gxf6 11. f5 Nxd4 12. Qxd4 Bh6+ 13. Kb1 Bf4 14. fxe6
fxe6 15. Ne2 Be5 16. Qd3 Qb6 17. Ng1 Ke7 18. Nf3 Qc5 19. g4 b4 20. h4 a5 21. g5
fxg5 22. hxg5 a4 23. Rh5 b3 24. Nxe5 bxc2+ 25. Qxc2 Qxe5 26. Qf2 a3 27. Qf6+
Qxf6 28. gxf6+ Kxf6 29. Rxd6 Ke7 30. Rb6 axb2 31. Kxb2 Rab8 32. Rxh7+ Rxh7 33.
Rxb8 Rh2+ 34. Kb3 Kd6 35. a4 Ke5 36. Bd3 Rh3 37. Kc3 Rh1 38. a5 Ra1 39. a6 Ra3+
40. Rb3 Ra4 41. Bb5 Bxb5 42. Rxb5+ Kf4 43. Rb6 e5 44. Rh6 Ra1 45. Kb2 Ra5 46.
Kb3 1/2-1/2

[Event "Ceske sachove vanoce 2009"]
[Site "Litomysl (CZE)"]
[Date "2009.12.30"]
[Round "6"]
[White "Sodoma, Jan"]
[Black "Vrana, Jan"]
[Result "1/2-1/2"]
[WhiteElo "2355"]
[BlackElo "2298"]
[PlyCount "45"]
[EventDate "2009.12.26"]

1. d4 d5 2. Nf3 Nf6 3. c4 dxc4 4. e3 e6 5. Bxc4 c5 6. O-O a6 7. a4 Nc6 8. Qe2
cxd4 9. Rd1 Be7 10. exd4 O-O 11. Nc3 Nd5 12. Bb3 b6 13. Nxd5 exd5 14. Ne5 Bb7
15. Bc2 g6 16. Qf3 Qc7 17. Nxc6 Bxc6 18. Bh6 Rfe8 19. Rac1 Qd7 20. b3 Rac8 21.
g3 Bb7 22. Bd3 Qd6 23. h4 1/2-1/2

[Event "Ceske sachove vanoce 2009"]
[Site "Litomysl (CZE)"]
[Date "2009.12.30"]
[Round "6"]
[White "Sochor, Stanislav"]
[Black "Cerveny, Martin"]
[Result "0-1"]
[WhiteElo "2118"]
[BlackElo "2353"]
[PlyCount "66"]
[EventDate "2009.12.26"]

1. d4 d5 2. Nf3 Nf6 3. e3 Bf5 4. Bd3 e6 5. O-O c6 6. c4 Na6 7. a3 Bd6 8. b4
dxc4 9. Bxc4 Nc7 10. Nc3 Ncd5 11. Bb2 O-O 12. h3 a5 13. b5 Rc8 14. Qb3 Nxc3 15.
Bxc3 cxb5 16. Bxb5 Qb6 17. Rfc1 Ne4 18. Be1 Rxc1 19. Rxc1 Bb8 20. Qa4 Nd6 21.
Rc5 Qd8 22. Rc1 Be4 23. Bxa5 b6 24. Bb4 Bxf3 25. gxf3 Qh4 26. Bf1 Rd8 27. Qa6
h5 28. Qxb6 Nf5 29. Qb7 Kh7 30. Rc8 Bh2+ 31. Kxh2 Qxf2+ 32. Bg2 Rxc8 33. Be1
Qe2 0-1

[Event "Ceske sachove vanoce 2009"]
[Site "Litomysl (CZE)"]
[Date "2009.12.30"]
[Round "6"]
[White "Kulhanek, Tomas"]
[Black "Zakharchenko, Arnold"]
[Result "1-0"]
[WhiteElo "2441"]
[BlackElo "2206"]
[PlyCount "73"]
[EventDate "2009.12.26"]

1. e4 c6 2. Nc3 d5 3. Nf3 dxe4 4. Nxe4 Nf6 5. Ng3 c5 6. Ne5 Nfd7 7. Nxd7 Bxd7
8. b3 Nc6 9. Bb2 Qc7 10. Bc4 Ne5 11. Be2 Rg8 12. O-O g6 13. d4 cxd4 14. Qxd4
Bg7 15. Qe3 h5 16. h3 Nc6 17. Bxg7 Rxg7 18. Rfe1 Qb6 19. Qxb6 axb6 20. Bf3 h4
21. Nf1 Kd8 22. Ne3 e6 23. Nc4 Kc7 24. Red1 Rd8 25. a4 f6 26. c3 Na5 27. Nxa5
bxa5 28. Rd4 Bc6 29. Rxh4 Bxf3 30. gxf3 Rd3 31. Rc4+ Kb6 32. Re1 e5 33. f4 exf4
34. Re6+ Ka7 35. Rxf6 g5 36. Kg2 g4 37. h4 1-0

[Event "Ceske sachove vanoce 2009"]
[Site "Litomysl (CZE)"]
[Date "2009.12.30"]
[Round "6"]
[White "Vavra, Pavel"]
[Black "Olsarova, Tereza"]
[Result "1/2-1/2"]
[WhiteElo "2351"]
[BlackElo "2164"]
[PlyCount "41"]
[EventDate "2009.12.26"]

1. e4 e5 2. d4 exd4 3. Qxd4 Nc6 4. Qe3 Nf6 5. Nc3 Bb4 6. Bd2 O-O 7. O-O-O Qe7
8. Qg3 Nxe4 9. Nxe4 Qxe4 10. Bd3 Qe6 11. Nf3 Bxd2+ 12. Rxd2 Qxa2 13. c3 h6 14.
Bb1 Qc4 15. Qxc7 d5 16. Re1 Bg4 17. Ne5 Nxe5 18. Qxe5 Rad8 19. Rd4 Qc8 20. Qf4
Bh5 21. Re5 1/2-1/2

[Event "Ceske sachove vanoce 2009"]
[Site "Litomysl (CZE)"]
[Date "2009.12.30"]
[Round "6"]
[White "Duchrow, Oliver"]
[Black "Bures, Jaroslav"]
[Result "1-0"]
[WhiteElo "2152"]
[BlackElo "2300"]
[PlyCount "79"]
[EventDate "2009.12.26"]

1. e4 c5 2. Nf3 e6 3. c4 b6 4. Nc3 Bb7 5. g3 Nf6 6. d3 d5 7. Qe2 d4 8. Nb1 Nc6
9. Bg2 Qc7 10. Nh4 Be7 11. f4 h6 12. e5 Nd7 13. Nf3 g5 14. Nbd2 g4 15. Nh4
O-O-O 16. Ne4 Ndxe5 17. fxe5 Nxe5 18. Bf4 Bxh4 19. Nd6+ Qxd6 20. Bxe5 Bxg2 21.
Bxd6 Bxh1 22. Qe5 Bg5 23. Bb8 Kd7 24. Qc7+ Ke8 25. Bxa7 Kf8 26. Bxb6 Kg7 27.
Kd1 Rc8 28. Qd7 Bf3+ 29. Kc2 e5 30. Re1 Be3 31. Bc7 Rce8 32. Kb3 Re6 33. Rf1
Ra8 34. Bd6 Kg6 35. h3 h5 36. hxg4 hxg4 37. a4 Ree8 38. Bxc5 f6 39. Be7 Rab8+
40. Ka3 1-0

[Event "Ceske sachove vanoce 2009"]
[Site "Litomysl (CZE)"]
[Date "2009.12.30"]
[Round "6"]
[White "Svoboda, Vaclav"]
[Black "Lorenc, Oldrich"]
[Result "1-0"]
[WhiteElo "2292"]
[BlackElo "2111"]
[PlyCount "75"]
[EventDate "2009.12.26"]

1. e4 d6 2. d4 Nf6 3. Nc3 g6 4. Be3 Bg7 5. Qd2 c6 6. f3 Qa5 7. g4 h5 8. g5 Nfd7
9. f4 e6 10. Nf3 b5 11. Bd3 b4 12. Ne2 Ba6 13. O-O Bxd3 14. cxd3 Qb5 15. Nh4
Na6 16. Rac1 Rg8 17. Qc2 Rc8 18. Rf2 Nb6 19. b3 Kd7 20. Rcf1 c5 21. Qd2 Bf8 22.
Kh1 Be7 23. Rf3 f5 24. gxf6 Bxf6 25. Bf2 g5 26. fxg5 Bxg5 27. Qd1 Rcf8 28. Bg3
Rxf3 29. Rxf3 Be7 30. Qf1 cxd4 31. Nxd4 Qg5 32. Ng2 Rc8 33. Bf4 Qg7 34. Be3 Rf8
35. Nf4 e5 36. Nde6 Qg4 37. Nxf8+ Bxf8 38. Rg3 1-0

[Event "Ceske sachove vanoce 2009"]
[Site "Litomysl (CZE)"]
[Date "2009.12.30"]
[Round "6"]
[White "Hellwig, Tobias"]
[Black "Volodin, Viktor"]
[Result "0-1"]
[WhiteElo "2114"]
[BlackElo "2206"]
[PlyCount "32"]
[EventDate "2009.12.26"]

1. d4 d5 2. c4 e6 3. Nc3 c6 4. Bf4 dxc4 5. e3 b5 6. a4 Bb4 7. axb5 cxb5 8. Qf3
Qd5 9. Qg3 Qf5 10. Rc1 Nc6 11. Qxg7 Qf6 12. Qg3 Nge7 13. Nge2 Rg8 14. Qf3 Bb7
15. Kd1 Qg6 16. Rc2 Nxd4 0-1

[Event "Ceske sachove vanoce 2009"]
[Site "Litomysl (CZE)"]
[Date "2009.12.31"]
[Round "7.1"]
[White "Bernasek, Jan"]
[Black "Petr, Martin"]
[Result "1/2-1/2"]
[WhiteElo "2476"]
[BlackElo "2495"]
[PlyCount "197"]
[EventDate "2009.12.26"]

1. d4 d5 2. c4 dxc4 3. Nf3 Nf6 4. e3 e6 5. Bxc4 c5 6. O-O a6 7. a4 Nc6 8. Qe2
cxd4 9. Rd1 Be7 10. exd4 O-O 11. Nc3 Nd5 12. Bb3 Re8 13. Ne5 Nxc3 14. bxc3 Nxe5
15. dxe5 Qc7 16. Rd3 Bd7 17. Rh3 g6 18. Qe3 Bf8 19. Ba3 Bxa3 20. Rxa3 Rac8 21.
Ra1 Qc5 22. Qf4 Bc6 23. Rd1 Qf8 24. Rd4 Red8 25. Rxd8 Rxd8 26. Qh4 h6 27. Rg3
Rd7 28. h3 Kh7 29. Qf4 Qd8 30. Bc2 Kg7 31. Be4 Bxe4 32. Qxe4 Rd1+ 33. Kh2 Qd5
34. Qf4 Re1 35. Re3 Rxe3 36. Qxe3 Qc4 37. Qf3 Qxa4 38. Qxb7 Qf4+ 39. Kg1 Qxe5
40. Qxa6 Qxc3 41. g3 Qe1+ 42. Kg2 Qe4+ 43. Kg1 g5 44. Qa1+ e5 45. Qa6 h5 46.
Qd6 Qe1+ 47. Kg2 Qe4+ 48. Kg1 Qf5 49. Qe7 Qf6 50. Qd7 h4 51. gxh4 gxh4 52. Kg2
Qg5+ 53. Kf1 Qc1+ 54. Kg2 Qg5+ 55. Kf1 Qf4 56. Kg2 Qe4+ 57. Kg1 Qg6+ 58. Kf1
Qe6 59. Qd3 e4 60. Qd4+ Kg6 61. Kg2 Qf5 62. Qc3 Qd5 63. Kg1 Qd1+ 64. Kg2 Qd3
65. Qc8 Qf3+ 66. Kg1 Kg7 67. Qd7 Qf4 68. Qc8 Kh7 69. Qd7 Kg6 70. Qc6+ Kh5 71.
Qe8 Kg6 72. Qc6+ Kg7 73. Qc8 Qd6 74. Kg2 Qg6+ 75. Kf1 Qe6 76. Qc3+ f6 77. Kg2
Qd5 78. Kg1 Qe5 79. Qb3 Kh6 80. Qa3 Kg5 81. Qe3+ Qf4 82. Qc5+ Qe5 83. Qe3+ Kg6
84. Qb3 f5 85. Qg8+ Kh6 86. Qd8 Kh5 87. Qd1+ Kg6 88. Qd8 f4 89. Qxh4 f3 90.
Qg4+ Qg5 91. Kh2 Qxg4 92. hxg4 Kf6 93. Kg3 Ke5 94. g5 Kf5 95. g6 Kxg6 96. Kf4
Kf6 97. Kxe4 Ke6 98. Kxf3 Kf5 99. Ke3 1/2-1/2

[Event "Ceske sachove vanoce 2009"]
[Site "Litomysl (CZE)"]
[Date "2009.12.31"]
[Round "7.2"]
[White "Heberla, Bartolomiej"]
[Black "Tazbir, Marcin"]
[Result "1/2-1/2"]
[WhiteElo "2515"]
[BlackElo "2497"]
[PlyCount "31"]
[EventDate "2009.12.26"]

1. c4 e5 2. g3 g6 3. Bg2 Bg7 4. Nc3 Nf6 5. Nf3 d6 6. O-O O-O 7. d3 a5 8. Rb1
Re8 9. Bg5 h6 10. Bxf6 Bxf6 11. a3 Bg7 12. b4 axb4 13. axb4 Nc6 14. b5 Ne7 15.
e3 Be6 16. Nd2 1/2-1/2

[Event "Ceske sachove vanoce 2009"]
[Site "Litomysl (CZE)"]
[Date "2009.12.31"]
[Round "7.3"]
[White "Novak, Pavel"]
[Black "Simacek, Pavel"]
[Result "1/2-1/2"]
[WhiteElo "2377"]
[BlackElo "2513"]
[PlyCount "46"]
[EventDate "2009.12.26"]

1. e4 e5 2. Nf3 Nc6 3. Bc4 Be7 4. d4 d6 5. h3 Nf6 6. Nc3 O-O 7. O-O a6 8. a4
exd4 9. Nxd4 Bd7 10. f4 Nxd4 11. Qxd4 b5 12. axb5 axb5 13. Rxa8 Qxa8 14. Nxb5
c5 15. Qd3 Qxe4 16. Qxe4 Nxe4 17. Re1 Bc6 18. Nc3 Nxc3 19. Rxe7 Nd5 20. Bxd5
Bxd5 21. Rd7 Be4 22. Rxd6 f5 23. Be3 Rb8 1/2-1/2

[Event "Ceske sachove vanoce 2009"]
[Site "Litomysl (CZE)"]
[Date "2009.12.31"]
[Round "7.4"]
[White "Stupak, Kirill"]
[Black "Seifert, Volker"]
[Result "1-0"]
[WhiteElo "2456"]
[BlackElo "2355"]
[PlyCount "67"]
[EventDate "2009.12.26"]

1. d4 Nf6 2. g3 d5 3. Nf3 e6 4. Bg2 b5 5. O-O Bb7 6. c3 Nbd7 7. Nbd2 c5 8. dxc5
Nxc5 9. Nd4 a6 10. N2b3 Na4 11. Qc2 Bd6 12. Bg5 Rc8 13. a3 O-O 14. Rad1 h6 15.
Bxf6 Qxf6 16. e4 Rfd8 17. exd5 Bxd5 18. Bxd5 exd5 19. Rfe1 g6 20. Qd2 h5 21. h4
Nb6 22. Re2 Nc4 23. Qg5 Qxg5 24. hxg5 Re8 25. Rc2 Re4 26. Nf3 Rg4 27. Rd3 Re8
28. Nbd2 Re2 29. Nxc4 Rxc2 30. Nxd6 Rxb2 31. Rxd5 Re2 32. Rc5 Re7 33. Rc8+ Kh7
34. Ne8 1-0

[Event "Ceske sachove vanoce 2009"]
[Site "Litomysl (CZE)"]
[Date "2009.12.31"]
[Round "7.5"]
[White "Manik, Mikulas"]
[Black "Cerveny, Martin"]
[Result "1/2-1/2"]
[WhiteElo "2435"]
[BlackElo "2353"]
[PlyCount "144"]
[EventDate "2009.12.26"]

1. e4 c5 2. Nf3 d6 3. d4 cxd4 4. Nxd4 Nf6 5. Nc3 a6 6. Bg5 e6 7. f4 Qc7 8. Bxf6
gxf6 9. Qd2 Nc6 10. O-O-O Bd7 11. Be2 h5 12. Rhf1 O-O-O 13. Rf3 h4 14. Qe1 Kb8
15. Nb3 Na5 16. Kb1 Nxb3 17. axb3 Be7 18. Rfd3 Bc8 19. Qd2 Rdg8 20. Bf3 Qa5 21.
Rd4 b5 22. Qe2 Bb7 23. f5 Qb6 24. Bg4 Bc8 25. h3 Qc5 26. Qd3 Qe5 27. Ne2 Bb7
28. Rf1 d5 29. exd5 exd5 30. Nf4 Bc5 31. Rxd5 Bxd5 32. Nxd5 Rd8 33. Bf3 Rd6 34.
b4 Ba7 35. b3 Rhd8 36. c4 bxc4 37. bxc4 Rb6 38. Kc2 Rb7 39. Qe4 Rxd5 40. Qxd5
Qxd5 41. Bxd5 Rxb4 42. Ra1 Rb6 43. Re1 a5 44. Re8+ Kc7 45. Re7+ Kb8 46. Re8+
Kc7 47. Ra8 Ra6 48. Kb3 a4+ 49. Ka2 Ra5 50. c5 a3 51. Bf3 Ra4 52. c6 Ra5 53.
Rf8 Bc5 54. Rxf7+ Kc8 55. Bd5 Ra7 56. Rxf6 Re7 57. Bf3 Re3 58. Rh6 Rd3 59. Rh8+
Rd8 60. Rxh4 Rd2+ 61. Ka1 Bd4+ 62. Rxd4 Rxd4 63. Ka2 Ra4 64. Bd5 Kc7 65. f6 Kd6
66. f7 Ra8 67. Bb3 Kxc6 68. g4 Kd6 69. h4 Ke7 70. h5 Kf6 71. Bd5 Rf8 72. Kxa3
Kg5 1/2-1/2

[Event "Ceske sachove vanoce 2009"]
[Site "Litomysl (CZE)"]
[Date "2009.12.31"]
[Round "7.6"]
[White "Plat, Vojtech"]
[Black "Ponizil, Cyril"]
[Result "1-0"]
[WhiteElo "2388"]
[BlackElo "2304"]
[PlyCount "107"]
[EventDate "2009.12.26"]

1. Nf3 c5 2. e4 Nc6 3. c3 Nf6 4. Bd3 d6 5. h3 e6 6. O-O Be7 7. Qe2 O-O 8. Bc2
b6 9. d4 cxd4 10. Nxd4 Bb7 11. Nxc6 Bxc6 12. Bf4 Qc8 13. Nd2 Qb7 14. Rfe1 Rfd8
15. Rad1 h6 16. Nb3 e5 17. Bg3 Re8 18. Nd2 b5 19. c4 Rac8 20. b3 Bd8 21. Bd3 a6
22. a3 Nd7 23. b4 Nf8 24. cxb5 axb5 25. Rc1 Ne6 26. Nb3 Bg5 27. Na5 Nd4 28. Qf1
Qb6 29. Rxc6 Rxc6 30. Nxc6 Qxc6 31. h4 Bd8 32. Rc1 Qd7 33. f3 Qa7 34. Kh2 Qxa3
35. Bxb5 Rf8 36. Rb1 Bb6 37. Qd3 Ra8 38. Qxa3 Rxa3 39. Bc4 Rc3 40. Bd5 Rc2 41.
Kh3 Ne2 42. Bh2 Nc3 43. Bb3 Rd2 44. Ra1 g5 45. hxg5 hxg5 46. Ra8+ Kg7 47. Rb8
Bd4 48. Rb7 Nxe4 49. Rxf7+ Kg6 50. fxe4 g4+ 51. Kxg4 Rxg2+ 52. Bg3 Bc3 53. b5
Be1 54. Rf3 1-0

[Event "Ceske sachove vanoce 2009"]
[Site "Litomysl (CZE)"]
[Date "2009.12.31"]
[Round "7.7"]
[White "Kanovsky, David"]
[Black "Svoboda, Vaclav"]
[Result "0-1"]
[WhiteElo "2471"]
[BlackElo "2292"]
[PlyCount "98"]
[EventDate "2009.12.26"]

1. e4 c5 2. Nf3 Nc6 3. d4 cxd4 4. Nxd4 Nf6 5. Nc3 d6 6. Bg5 e6 7. Qd2 a6 8.
O-O-O Bd7 9. f3 h6 10. Be3 b5 11. Nxc6 Bxc6 12. Ne2 Qc7 13. Nd4 Bb7 14. Kb1 Be7
15. g4 Nd7 16. h4 d5 17. exd5 Bxd5 18. Be2 Rc8 19. g5 h5 20. Rhe1 g6 21. f4 Be4
22. f5 exf5 23. Bf4 Qb7 24. Bd3 Nc5 25. Nb3 Nxb3 26. axb3 Bxd3 27. Qxd3 O-O 28.
Qe2 Bc5 29. Bd6 Bxd6 30. Rxd6 Rcd8 31. Qe5 Rxd6 32. Qxd6 Rc8 33. Re7 Qc6 34.
Qd3 Re8 35. Rxe8+ Qxe8 36. Qd4 Qc6 37. Ka2 Qc7 38. c4 bxc4 39. bxc4 f4 40. Qd5
f3 41. Qxf3 Qxc4+ 42. Ka3 Qxh4 43. Qa8+ Kg7 44. Qxa6 Qxg5 45. b4 h4 46. Qc6
Qg3+ 47. Ka4 h3 48. b5 h2 49. b6 Qe1 0-1

[Event "Ceske sachove vanoce 2009"]
[Site "Litomysl (CZE)"]
[Date "2009.12.31"]
[Round "7.8"]
[White "Vrana, Jan"]
[Black "Kulhanek, Tomas"]
[Result "0-1"]
[WhiteElo "2298"]
[BlackElo "2441"]
[PlyCount "92"]
[EventDate "2009.12.26"]

1. e4 c5 2. Nf3 b6 3. d4 cxd4 4. Nxd4 Bb7 5. Nc3 a6 6. Bd3 g6 7. O-O Bg7 8. Be3
d6 9. Qd2 Nd7 10. Rae1 Rc8 11. h3 Ngf6 12. Bh6 O-O 13. Bxg7 Kxg7 14. f4 b5 15.
e5 dxe5 16. fxe5 Nxe5 17. Ne6+ fxe6 18. Rxe5 Qd4+ 19. Qe3 Qxe3+ 20. Rxe3 Nd5
21. Rxf8 Kxf8 22. Rf3+ Kg7 23. Be4 Rc7 24. a3 Nxc3 25. Bxb7 Ne2+ 26. Kf1 Rxc2
27. b4 Nd4 28. Rd3 e5 29. Bxa6 Rc7 30. a4 bxa4 31. Ra3 Rc1+ 32. Kf2 Rc2+ 33.
Kf1 Rb2 34. Rxa4 e4 35. b5 e5 36. Ra3 Nxb5 37. Ra5 Nd6 38. Rxe5 Kf6 39. Ra5 Nf5
40. Ra3 e3 41. Bd3 Ng3+ 42. Kg1 Rd2 43. Ba6 Rd1+ 44. Kh2 e2 45. Rf3+ Kg7 46.
Re3 Nf1+ 0-1

[Event "Ceske sachove vanoce 2009"]
[Site "Litomysl (CZE)"]
[Date "2009.12.31"]
[Round "7.9"]
[White "Schuetze, Norman"]
[Black "Bulski, Krzysztof"]
[Result "0-1"]
[WhiteElo "2269"]
[BlackElo "2416"]
[PlyCount "58"]
[EventDate "2009.12.26"]

1. e4 e5 2. Nf3 Nc6 3. Bb5 a6 4. Ba4 Nf6 5. O-O Nxe4 6. d4 b5 7. Bb3 d5 8. dxe5
Be6 9. Nbd2 Be7 10. Qe2 Nc5 11. Rd1 Qd7 12. c3 O-O 13. Bc2 Bf5 14. Nb3 Bxc2 15.
Qxc2 Nd8 16. Bg5 c6 17. Nxc5 Bxc5 18. a4 Ne6 19. Qf5 Ra7 20. Rd3 h6 21. Be3
Bxe3 22. Rxe3 c5 23. Rd3 bxa4 24. Nd2 c4 25. Rg3 Rb8 26. Rd1 Rxb2 27. f4 a3 28.
Re3 a2 29. Ree1 Nc5 0-1

[Event "Ceske sachove vanoce 2009"]
[Site "Litomysl (CZE)"]
[Date "2009.12.31"]
[Round "7.10"]
[White "Krupa, Monika"]
[Black "Biolek, Richard"]
[Result "0-1"]
[WhiteElo "2216"]
[BlackElo "2385"]
[PlyCount "51"]
[EventDate "2009.12.26"]

1. e4 e5 2. Nf3 Nc6 3. Bc4 Nf6 4. Ng5 d5 5. exd5 b5 6. Bxb5 Qxd5 7. Nc3 Qxg2 8.
Qf3 Qxf3 9. Nxf3 Bd7 10. O-O Bd6 11. Bxc6 Bxc6 12. Nxe5 Bxe5 13. Re1 O-O-O 14.
Rxe5 Rhe8 15. d4 Rxd4 16. Rxe8+ Nxe8 17. Be3 Rg4+ 18. Kf1 Rh4 19. Kg1 Nf6 20.
Rd1 Ng4 21. Rd4 Rxh2 22. Nd5 Bxd5 23. Rxd5 Nxe3 24. Rg5 Rg2+ 25. Rxg2 Nxg2 26.
Kxg2 0-1

[Event "Ceske sachove vanoce 2009"]
[Site "Litomysl (CZE)"]
[Date "2009.12.31"]
[Round "7.11"]
[White "Skliba, Martin"]
[Black "Hoffmann, Paul"]
[Result "0-1"]
[WhiteElo "2281"]
[BlackElo "2355"]
[PlyCount "128"]
[EventDate "2009.12.26"]

1. d4 Nf6 2. c4 e6 3. Nc3 Bb4 4. e3 O-O 5. Bd3 d5 6. Nf3 c5 7. O-O Nc6 8. a3
Bxc3 9. bxc3 dxc4 10. Bxc4 Qc7 11. Be2 Rd8 12. Qc2 e5 13. h3 b6 14. Bb2 e4 15.
Nh2 h5 16. Rfd1 c4 17. Bxc4 Na5 18. Ba2 b5 19. Nf1 Bb7 20. c4 bxc4 21. Bc3 Bd5
22. Nd2 Nb3 23. Rab1 Rdc8 24. Rb2 a5 25. Nb1 Qc6 26. Be1 Ne8 27. Nc3 a4 28. Bb1
Nd6 29. f3 f5 30. Bg3 Nb5 31. Nxb5 Qxb5 32. fxe4 Bxe4 33. Qc3 Qa5 34. Be1 Qd5
35. Bxe4 Qxe4 36. d5 Rc5 37. d6 Rd8 38. Bg3 h4 39. Bf4 Rd7 40. Rc2 Kf7 41. Rf2
Qe6 42. Re1 Qf6 43. Qb4 c3 44. Qxa4 Qe6 45. Rc2 Nd2 46. Rec1 Ne4 47. Qd4 Rd5
48. Qb4 g5 49. Bh2 Rd3 50. Qb6 Qd5 51. Rf1 Rd1 52. Qa6 Rd2 53. Rxd2 cxd2 54.
Qe2 Kg6 55. Rd1 Qa5 56. Qf3 Ra7 57. Qe2 Qd5 58. a4 Rxa4 59. d7 Qxd7 60. Be5 Qd5
61. Bd4 Qc4 62. Qxc4 Rxc4 63. Kf1 Ng3+ 64. Kf2 Rc1 0-1